[Event "TATA 50th ch-IND National Premier 2012"]
[Site "Kolkata IND"]
[Date "2012.10.12"]
[Round "11.16"]
[White "Patil,Pr2"]
[Black "Praveen Kumar,C1"]
[Result "0-1"]
[WhiteElo "2197"]
[BlackElo "2330"]

1.e4 e6 2.d4 d5 3.Nd2 Be7 4.Bd3 c5 5.dxc5 Nf6 6.Qe2 O-O 7.Ngf3 a5 8.c3 Na6
9.O-O Nxc5 10.Bc2 b6 11.Rd1 Ba6 12.Qe3 Qc7 13.e5 Nfd7 14.Nf1 f6 15.b4 Ne4
16.Nd4 axb4 17.Bxe4 dxe4 18.Nxe6 Qxe5 19.Nxf8 Nxf8 20.Bd2 Bd3 21.Qxb6 Bc5
22.Qc6 Ra6 23.Qc8 bxc3 24.Be3 Ra5 25.Rac1 Bb4 26.Rxd3 exd3 27.Qc4+ Rd5 28.Qxb4 d2
29.Nxd2 cxd2 30.Bxd2 Qe2 31.Be3 Rd1+  0-1

[Event "7th Americas Continental 2012"]
[Site "Mar del Plata ARG"]
[Date "2012.10.12"]
[Round "1.40"]
[White "Ayala,Gustavo"]
[Black "De Dovitiis,A"]
[Result "0-1"]
[WhiteElo "1955"]
[BlackElo "2348"]

1.e4 e6 2.d4 d5 3.Nd2 Nc6 4.Ngf3 Nf6 5.e5 Nd7 6.c3 f6 7.exf6 Qxf6 8.Bd3 Bd6
9.O-O O-O 10.Qc2 h6 11.Nb3 e5 12.dxe5 Ndxe5 13.Nxe5 Nxe5 14.Be3 Nf3+ 15.gxf3 Qh4
16.f4 Qg4+ 17.Kh1 Qf3+ 18.Kg1 Bh3 19.Bh7+ Kh8 20.Qg6 Rf6 21.Qg3 Qxg3+ 22.fxg3 Bxf1
23.Rxf1 Kxh7 24.Nd4 Re8 25.Re1 c5 26.Nc2 Rfe6 27.Kf2 Bf8 28.b4 d4 29.cxd4 cxb4
30.d5 Ra6 31.Ra1 b3 32.axb3 Rc8  0-1

[Event "Trans-Europa-Schach-Express 2012"]
[Site "Potsdam GER"]
[Date "2012.10.13"]
[Round "1.5"]
[White "Kurmann,O"]
[Black "Kindermann,S"]
[Result "0-1"]
[WhiteElo "2450"]
[BlackElo "2493"]

1.e4 e6 2.d4 d5 3.Nd2 Be7 4.Bd3 c5 5.dxc5 Nf6 6.Qe2 O-O 7.Ngf3 a5 8.O-O Na6
9.e5 Nd7 10.c3 Naxc5 11.Bc2 b5 12.Nd4 Qc7 13.f4 b4 14.c4 Bb7 15.b3 a4 16.Bb2 Qb6
17.Rab1 axb3 18.axb3 Ra2 19.Kh1 f5 20.exf6 Bxf6 21.Qe3 g6 22.cxd5 Bxd5 23.Nc4 Bxc4
24.bxc4 b3 25.Bd1 Na4 26.Qxb3 Nxb2 27.Qxa2 Qxd4 28.c5 Nxc5 29.Bg4 Nbd3 30.Bxe6+ Kh8
31.Bg4 Ne4 32.Bf3 Ndf2+ 33.Kg1 Nh3+ 34.Kh1 Nef2+ 35.Rxf2 Nxf2+ 36.Kg1 Nd3+
37.Kh1 Nxf4 38.Qa3 Bg7 39.Rd1 Qf6  0-1

[Event "34th Arco Open"]
[Site "Arco ITA"]
[Date "2012.10.14"]
[Round "2"]
[White "Aigner,Geo"]
[Black "Arvola,B"]
[Result "0-1"]
[WhiteElo "1989"]
[BlackElo "2296"]

1.e4 e6 2.d4 d5 3.Nd2 Nc6 4.c3 e5 5.exd5 Qxd5 6.Ngf3 exd4 7.Bc4 Qh5 8.cxd4 Nf6
9.O-O Bd6 10.Re1+ Ne7 11.Ne5 O-O 12.Qxh5 Nxh5 13.Ndf3 Nf6 14.Bg5 h6 15.Bd2 Bf5
16.h3 Rad8 17.g4 Be4 18.g5 hxg5 19.Bxg5 Bd5 20.b3 Bb4 21.Red1 Ne4 22.a3 Nxg5
23.Bxd5 Bc3 24.Rac1 Nxh3+ 25.Kf1 Nxd5 26.Nc4 Rfe8 27.Rd3 b5 28.Nce5 Bb2 29.Rc5 Nhf4
30.Rd2 Bxa3 31.Rxb5 Nc3 32.Rb7 Rb8 33.Rxc7 Rxb3 34.Ne1 Ne4 35.Rdc2 Rh3 36.Kg1 Ng5
37.Rc8 Rxc8 38.Rxc8+ Kh7 39.Rc7 f6 40.Ng4 Bb4 41.Nxf6+ Kg6 42.Ne8 Bxe1 43.Rxg7+ Kh6  0-1

[Event "17th European Club Cup w"]
[Site "Eilat ISR"]
[Date "2012.10.14"]
[Round "4.4"]
[White "Pogonina,N"]
[Black "Mkrtchian,L"]
[Result "1/2-1/2"]
[WhiteElo "2476"]
[BlackElo "2456"]

1.e4 e6 2.d4 d5 3.Nd2 Be7 4.e5 c5 5.c3 Nc6 6.Bd3 cxd4 7.cxd4 Qb6 8.Ndf3 Bb4+
9.Kf1 Bd7 10.Ne2 f6 11.Be3 fxe5 12.dxe5 Bc5 13.Ned4 Nh6 14.h3 Nf7 15.Be2 Nxd4
16.Nxd4 Nxe5 17.b4 Qxb4 18.Rb1 Qa4 19.Qxa4 Bxa4 20.Nxe6 Bxe3 21.fxe3 Ke7
22.Nxg7 Raf8+ 23.Ke1 Bc6 24.Rf1 Rxf1+ 25.Bxf1 Nc4 26.Rb3 Kf6 27.Nh5+ Ke5
28.Be2 a5 29.Bf3 b5 30.Nf4 Nxe3 31.Rxe3+ Kxf4 32.Re6 Rc8 33.Kf2 Rc7 34.g3+ Kf5
35.Bg4+ Kg5 36.Bf3 Kf5 37.Bg4+ Kg5 38.Bf3 Kf5 39.Bg4+ Kg5 40.Bf3 Kf5  1/2-1/2

[Event "7th Americas Continental 2012"]
[Site "Mar del Plata ARG"]
[Date "2012.10.14"]
[Round "3.9"]
[White "Estrada Nieto,J"]
[Black "Matamoros Franco,C"]
[Result "1/2-1/2"]
[WhiteElo "2310"]
[BlackElo "2534"]

1.e4 e6 2.d4 d5 3.Nd2 Nc6 4.Ngf3 Nf6 5.e5 Nd7 6.Bb5 a6 7.Bxc6 bxc6 8.c4 dxc4
9.Nxc4 Nb6 10.Qc2 Nxc4 11.Qxc4 Qd5 12.Qxd5 cxd5 13.Be3 Rb8 14.b3 Ba3 15.O-O a5
16.Bc1 Bb4 17.Bd2 Bxd2 18.Nxd2 Rb4 19.Rfc1 Kd7 20.Rc5 Bb7 21.Rac1 c6 22.Rxa5 Rxd4
23.Nf3 Rb4 24.Ne1 Rd4 25.Nf3 Rb4 26.Ne1 Rd4 27.Nf3  1/2-1/2

[Event "Trans-Europa-Schach-Express 2012"]
[Site "Potsdam GER"]
[Date "2012.10.14"]
[Round "7.7"]
[White "Huebner,R"]
[Black "Paehtz,E"]
[Result "1-0"]
[WhiteElo "2581"]
[BlackElo "2482"]

1.d4 e6 2.e4 d5 3.Nd2 Be7 4.e5 c5 5.c3 Nc6 6.Ndf3 Qb6 7.Bd3 cxd4 8.cxd4 Bb4+
9.Kf1 f6 10.Ne2 fxe5 11.dxe5 Bc5 12.Nc3 Qc7 13.Bf4 Bd7 14.Rc1 Nge7 15.Nb5 Qb6
16.Rxc5 Qxc5 17.Nc7+ Kd8 18.Nxa8 Rf8 19.g3 h6 20.h4 Kc8 21.Kg2 Kb8 22.a3 Kxa8
23.Qd2 Qb6 24.b4 Nf5 25.b5 Nce7 26.a4 Rc8 27.Rc1 Nd4 28.Rxc8+ Nxc8 29.Ne1 Nb3
30.Qc3 Qa5 31.Qxb3 Qxe1 32.Qa3 g5 33.hxg5 hxg5 34.Bxg5 Qxe5 35.Bf4 Qd4 36.Be3 Qf6
37.Qc5 Kb8 38.Bf4+ e5 39.Qc3 d4 40.Qxd4 Qxf4 41.Qxd7 Qxa4 42.Bf5 Qc4 43.g4  1-0

[Event "28th European Club Cup"]
[Site "Eilat ISR"]
[Date "2012.10.15"]
[Round "5.16"]
[White "Muhren,B"]
[Black "Farleigh,R"]
[Result "1-0"]
[WhiteElo "2307"]
[BlackElo "2184"]

1.e4 e6 2.d4 d5 3.Nd2 Be7 4.Bd3 Nc6 5.Ngf3 Nb4 6.Be2 dxe4 7.Nxe4 Nf6 8.Nxf6+ Bxf6
9.c3 Nd5 10.O-O b6 11.Ne5 Bxe5 12.dxe5 Bb7 13.Bf3 Qc8 14.Qa4+ c6 15.Qg4 g6
16.c4 Ne7 17.Bg5 Qc7 18.Bf6 Rg8 19.Qg5 Nf5 20.Rfd1 c5 21.Bxb7 Qxb7 22.Rd3 Qe4
23.Rad1 Nd4 24.Qe3 Qc6 25.Qh6 Kd7 26.Qxh7 Raf8 27.Bg7 Rc8 28.Bh6 Ke7 29.Bg5+ Kf8
30.Qh4 Qc7 31.Qh6+ Ke8 32.Qh7 Kf8 33.Bf6  1-0

[Event "7th Americas Continental 2012"]
[Site "Mar del Plata ARG"]
[Date "2012.10.15"]
[Round "5.23"]
[White "Martinez de Negri,G"]
[Black "De Dovitiis,A"]
[Result "1-0"]
[WhiteElo "2123"]
[BlackElo "2348"]

1.e4 e6 2.d4 d5 3.Nd2 a6 4.c3 c5 5.exd5 exd5 6.dxc5 Bxc5 7.Nb3 Ba7 8.Nf3 Nc6
9.Be2 Nf6 10.Bg5 Bxf2+ 11.Kxf2 Ne4+ 12.Ke3 Nxg5 13.Nxg5 Qxg5+ 14.Kf2 O-O
15.Bf3 Be6 16.Re1 Rad8 17.Nd4 Qh4+ 18.Kg1 Nxd4 19.Qxd4 Qxd4+ 20.cxd4 Rc8
21.Rac1 Rfd8 22.Kf2 Kf8 23.Ke3 Ke7 24.Rc5 b6 25.Rc3 Kd6 26.Kd2 Rc4 27.Rxc4 dxc4
28.Kc3 b5 29.Re5 Rc8 30.a3 Rc7 31.Kb4 c3 32.bxc3 Rc4+ 33.Kb3 f6 34.Re3 Rc7+
35.Kb2 g5 36.g3 Bf7 37.Bg4 h5 38.Bf5 g4 39.Kc2 a5 40.Kb2 Rb7 41.Bd3 Be6 42.Re1 Rb8
43.Rf1 Ke7 44.Kc2 b4 45.axb4 axb4 46.c4 Ra8 47.Rb1 Ra2+ 48.Rb2 Ra1 49.d5 Bd7
50.Bg6 Kd6 51.Rxb4 Kc5 52.Rb7 Ba4+ 53.Kc3 Rc1+ 54.Kd3 Rd1+ 55.Ke3 Rc1 56.Kd2 Rh1
57.Rc7+ Kd4 58.d6 Rxh2+ 59.Ke1 Ke3 60.Re7+ Kf3 61.Be4+ Kxg3 62.c5 f5 63.Bxf5 Rh1+
64.Ke2 Kf4 65.Re4+ Kxf5 66.Rxa4 Rh2+ 67.Ke3 Rh3+ 68.Kd4 Ke6 69.Ra7 g3 70.Re7+ Kf6
71.Re1 Rh4+ 72.Kd3 Rg4 73.d7 Rg8 74.Re8  1-0

[Event "7th Americas Continental 2012"]
[Site "Mar del Plata ARG"]
[Date "2012.10.15"]
[Round "5.12"]
[White "Fulgenzi,E"]
[Black "Matamoros Franco,C"]
[Result "1-0"]
[WhiteElo "2344"]
[BlackElo "2534"]

1.e4 e6 2.d4 d5 3.Nd2 Nc6 4.Ngf3 Nf6 5.e5 Nd7 6.Bb5 a6 7.Bxc6 bxc6 8.O-O c5
9.c3 cxd4 10.cxd4 a5 11.Re1 Be7 12.Nf1 O-O 13.h4 Ba6 14.Bg5 h6 15.Bxe7 Qxe7
16.Ng3 c5 17.Rc1 Rfc8 18.Qd2 cxd4 19.Rxc8+ Bxc8 20.a3 Nc5 21.Qxd4 Ba6 22.Re3 Bb7
23.Qg4 Kh8 24.Nh5 Rg8 25.Nd4 Ne4 26.Rf3 Ba6 27.Qf4 Qa7 28.Qe3 Rc8 29.Nxg7 Kh7
30.Nh5 Rc4 31.Nf6+  1-0

[Event "FSGM October 2012"]
[Site "Budapest HUN"]
[Date "2012.10.16"]
[Round "10.1"]
[White "Todorovic,GM"]
[Black "Kantor,G"]
[Result "0-1"]
[WhiteElo "2491"]
[BlackElo "2310"]

1.e4 e6 2.d4 d5 3.Nd2 Be7 4.Ngf3 Nf6 5.e5 Nfd7 6.Bd3 c5 7.c3 b6 8.Qe2 a5
9.a4 Ba6 10.Bb5 Qc8 11.O-O Nc6 12.dxc5 bxc5 13.Re1 Qb7 14.Nf1 O-O 15.Ng3 Rfb8
16.c4 dxc4 17.Qxc4 Bxb5 18.axb5 Qxb5 19.Qe4 Nb4 20.Bg5 Bf8 21.Rad1 Nd5 22.Qg4 Qb4
23.Re4 Qxb2 24.h4 Rb4 25.Rxd5 Rxe4 26.Qxe4 exd5 27.Qxd5 Nb6 28.Qb7 a4 29.e6 fxe6
30.Bf4 a3 31.Be5 Qb1+ 32.Kh2 a2 33.Ng5 Nc4 34.Qxa8 Nxe5 35.Nxe6 Ng6 36.Qd5 Kh8
37.Nxf8 Nxf8 38.Qf7 h6 39.Nh5 a1=Q 40.Qxf8+ Kh7 41.Qe7  0-1

[Event "7th Americas Continental 2012"]
[Site "Mar del Plata ARG"]
[Date "2012.10.16"]
[Round "6.20"]
[White "Caceres Recalde,F"]
[Black "Cori T.,D"]
[Result "0-1"]
[WhiteElo "2159"]
[BlackElo "2411"]

1.e4 e6 2.d4 d5 3.Nd2 Be7 4.Bd3 c5 5.dxc5 Nf6 6.Qe2 Nc6 7.Ngf3 Nb4 8.Bb5+ Bd7
9.O-O Nxc2 10.Rb1 O-O 11.exd5 Bxb5 12.Qxb5 Qxd5 13.b4 Ne4 14.Qa4 Nd4 15.Nxd4 Nc3
16.Qb3 Qxd4 17.Nf3 Qd3 18.Be3 Bf6 19.Kh1 Rfd8 20.Rbc1 Rd5 21.Ng5 Nxa2 22.Qxa2 Bxg5
23.Bxg5 Rxg5 24.Rfd1 Qe4 25.f3 Qxb4 26.Qxa7 Rf8 27.h3 Qb2 28.g4 Rd5 29.Qb6 Qe2
30.Qb3 Rfd8 31.Re1 Qf2 32.Qe3 Qg3 33.f4 Qh4 34.Rc3 h6 35.Rb3 Rd4 36.Re2 h5
37.Qg3 Qxg3 38.Rxg3 hxg4 39.Rxg4 Rc4 40.Rb2 Rd7  0-1

[Event "Spice Cup Open"]
[Site "Saint Louis USA"]
[Date "2012.10.16"]
[Round "2"]
[White "Kleiman,J"]
[Black "Shulman,Y"]
[Result "1-0"]
[WhiteElo "2377"]
[BlackElo "2595"]

1.e4 e6 2.d4 d5 3.Nd2 a6 4.Bd3 c5 5.dxc5 Bxc5 6.Ngf3 Nf6 7.Qe2 Nc6 8.c3 Qc7
9.O-O Ba7 10.b4 h6 11.a3 O-O 12.Bb2 e5 13.exd5 Nxd5 14.Qe4 Nf6 15.Qh4 Rd8
16.Bc2 Be6 17.Rae1 Nd4 18.Nxd4 exd4 19.c4 Bxc4 20.Rc1 b5 21.Bb3 Rac8 22.Qh3 Qf4
23.Nxc4 bxc4 24.Bxc4 Rc7 25.Bd3 Nd5 26.Bxa6 Qd2 27.Rxc7 Nxc7 28.Bc1 Qc3 29.Bd3 Ne6
30.Qf5 Bb8 31.g3 g6 32.Qf3 Kg7 33.h4 Re8 34.Kg2 Nf8 35.Rd1 Nd7 36.Bb5 Qxf3+
37.Kxf3 Ne5+ 38.Kg2 Rd8 39.Bb2 Ba7 40.a4 g5 41.hxg5 hxg5 42.Re1 f6 43.f4 gxf4
44.gxf4 Ng6 45.Kf3 Bb8 46.Re8 Rxe8 47.Bxe8 Nxf4 48.Bxd4 Ne6 49.Be3 f5 50.Bd7 Kf6
51.a5 f4 52.Bg1 Ng5+ 53.Ke2 f3+ 54.Kf1 Ne4 55.Bd4+ Ke7 56.Bc6 Nd2+ 57.Kf2 Kd6
58.Ba8 Kd7 59.a6 Nc4 60.a7 Bxa7 61.Bxa7 Ne5 62.b5  1-0

[Event "28th European Club Cup"]
[Site "Eilat ISR"]
[Date "2012.10.17"]
[Round "7.6"]
[White "Adams,Mi"]
[Black "Karttunen,M"]
[Result "1-0"]
[WhiteElo "2720"]
[BlackElo "2445"]

1.e4 e6 2.d4 d5 3.Nd2 Be7 4.Ngf3 Nf6 5.e5 Nfd7 6.Bd3 c5 7.c3 Nc6 8.O-O g5
9.dxc5 Nxc5 10.Bb5 O-O 11.b4 Nd7 12.Re1 Kh8 13.Nb3 Rg8 14.h3 Qc7 15.Qe2 b6
16.Bd3 Nf8 17.Nbd4 Bb7 18.Bd2 Qd8 19.a4 Ng6 20.g3 Rg7 21.a5 bxa5 22.bxa5 Rb8
23.a6 Ba8 24.Rab1 Nf8 25.Be3 Rxb1 26.Rxb1 Nb8 27.Ra1 Nfd7 28.Nb3 Nc6 29.Bd4 Nb6
30.Na5 Nxa5 31.Rxa5 Nd7 32.Rb5 Bc6 33.Rb1 Nc5 34.Bxc5 Bxc5 35.Nd4 Ba8 36.Qh5 Qc7
37.Nf3 Be7 38.h4 gxh4 39.Nxh4 Bc6 40.Nf3 Qc8 41.Nd4 Ba8 42.Kg2 Qg8 43.Rh1 f5
44.exf6 Bxf6 45.Qf3 Be5 46.Rh5 Qb8 47.Rh6 Bxd4 48.cxd4 Qe8 49.Bxh7 Rxh7 50.Qf6+  1-0

[Event "Spice Cup Open"]
[Site "Saint Louis USA"]
[Date "2012.10.18"]
[Round "5"]
[White "Priyadharshan,K"]
[Black "Boros,De"]
[Result "1/2-1/2"]
[WhiteElo "2407"]
[BlackElo "2492"]

1.e4 e6 2.d4 d5 3.Nd2 Nc6 4.Ngf3 Nf6 5.e5 Nd7 6.Bd3 Nb4 7.Be2 c5 8.c3 Nc6
9.O-O a5 10.a4 Be7 11.Re1 O-O 12.Nf1 cxd4 13.cxd4 Nb4 14.Be3 Nb6 15.b3 Bd7
16.Qd2 Rc8 17.Rec1 Rxc1 18.Rxc1 Qb8 19.Bg5 Bxg5 20.Nxg5 h6 21.Nh3 Rc8 22.Ne3 Rxc1+
23.Qxc1 Qc8 24.Qd2 Qd8 25.Nf4 Nc8 26.Nd3 Nxd3 27.Bxd3 Na7 28.Qc3 Nc6 29.g3 f6
30.exf6 Qxf6 31.Nc2 Be8 32.Bb5 Bg6 33.Bxc6 bxc6 34.Ne3 Qf3 35.Qxc6 Be4 36.Qxe6+ Kh7
37.Kf1 Bd3+ 38.Kg1  1/2-1/2

[Event "TCh-AUT 2 Mitte 2012-13"]
[Site "Bad Schallerbach AUT"]
[Date "2012.10.19"]
[Round "1.5"]
[White "Jakits,L"]
[Black "Testor,S"]
[Result "0-1"]
[WhiteElo "1979"]
[BlackElo "2308"]

1.e4 e6 2.d4 d5 3.Nd2 Be7 4.Bd3 c5 5.exd5 Qxd5 6.Ngf3 cxd4 7.O-O Nf6 8.Re1 Nc6
9.Bc4 Qc5 10.Qe2 a6 11.Nb3 Qd6 12.a4 Nd7 13.Rd1 Nb6 14.c3 e5 15.cxd4 Qb4
16.Nxe5 Nxe5 17.Qxe5 f6 18.Qc7 Nxc4 19.Bd2 Nxd2 20.Nc5 O-O 21.Qxe7 b6 22.Ra3 bxc5
23.Rg3 g6 24.dxc5 Bf5 25.Qd6 Rad8  0-1

[Event "16th Unive Open"]
[Site "Hoogeveen NED"]
[Date "2012.10.19"]
[Round "1"]
[White "Voss,Her"]
[Black "Heemskerk,W"]
[Result "0-1"]
[WhiteElo "2015"]
[BlackElo "2254"]

1.e4 e6 2.d4 d5 3.Nd2 Be7 4.e5 Nh6 5.Bd3 c5 6.c3 Nc6 7.Ndf3 cxd4 8.cxd4 Nf5
9.Ne2 Qb6 10.O-O Bd7 11.Bxf5 exf5 12.Nf4 Be6 13.b3 h6 14.Bb2 g5 15.Nxe6 fxe6
16.Ne1 h5 17.Nc2 O-O-O 18.Qd3 Kb8 19.a3 Rc8 20.b4 g4 21.Rfb1 Bg5 22.b5 Na5
23.a4 Rc4 24.Ba3 Rhc8 25.Bc5 Qd8 26.b6 axb6 27.Bxb6 Qd7 28.Bc5 Be7 29.Ne3 Bxc5
30.Nxc4 dxc4 31.Qd1 Qxd4 32.Qxd4 Bxd4 33.Ra2 c3 34.Rc2 Nc4 35.Rb4 Bxe5 36.Kf1 Bd6  0-1

[Event "Bundesliga 2012-13"]
[Site "Griesheim GER"]
[Date "2012.10.20"]
[Round "1"]
[White "Efimenko,Z"]
[Black "Piorun,K"]
[Result "1/2-1/2"]
[WhiteElo "2689"]
[BlackElo "2520"]

1.e4 e6 2.d4 d5 3.Nd2 Nc6 4.Ngf3 Nf6 5.e5 Nd7 6.c4 dxc4 7.Nxc4 Nb6 8.Bd3 Nb4
9.Be2 Nxc4 10.Bxc4 Be7 11.O-O Bd7 12.Bd2 Bc6 13.Bxb4 Bxb4 14.Qb3 a5 15.a3 Be7
16.Bb5 O-O 17.Bxc6 bxc6 18.Qc4 Qd7 19.Rfc1 Rfb8 20.b3 Rb6 21.g3 Rab8 22.Rc3 Rb5
23.a4 Rb4 24.Qxc6 Qxc6 25.Rxc6 Rxb3 26.Kg2 Kf8 27.Rxc7 Bd8 28.Rc5 Rb2 29.Rac1 Ke8
30.R5c4 Ra2 31.Ne1 Rb4 32.Rxb4 axb4 33.Nd3 Rxa4 34.Nc5 Ra8 35.Rc4 Rb8 36.Na6 Ra8
37.Nc5 Rb8 38.Na6 Ra8 39.Nc5  1/2-1/2

[Event "Bundesliga 2012-13"]
[Site "Griesheim GER"]
[Date "2012.10.20"]
[Round "1"]
[White "Burg,T"]
[Black "Poetsch,H"]
[Result "1-0"]
[WhiteElo "2502"]
[BlackElo "2466"]

1.e4 e6 2.d4 d5 3.Nd2 Be7 4.e5 c5 5.Ngf3 Nc6 6.dxc5 Qc7 7.Bb5 Bd7 8.Bxc6 Bxc6
9.O-O Bxc5 10.Nb3 b6 11.Nbd4 Ne7 12.Bf4 O-O 13.Re1 Bd7 14.Qd2 a5 15.h4 b5
16.h5 Qb6 17.Bg5 Nc6 18.Nxc6 Bxc6 19.h6 g6 20.Nh2 d4 21.Qf4 f5 22.exf6 Bd5
23.Rad1 Rac8 24.Ng4 Rc7 25.Ne5 Bd6 26.Rxd4 Bxe5 27.Rxe5 Rc4 28.Rxc4 bxc4
29.b3 cxb3 30.axb3 Qc6 31.c4 Bxg2 32.Re3 Qb7 33.Qg4 Bc6 34.Qxe6+ Rf7 35.Rd3 Bd7
36.Qe5 a4 37.b4 Qc6 38.Qb8+ Rf8 39.f7+ Kxf7 40.Qe5  1-0

[Event "TCh-SUI National A 2012"]
[Site "Switzerland SUI"]
[Date "2012.10.20"]
[Round "8.2"]
[White "Gallagher,Jo"]
[Black "Hug,W"]
[Result "1/2-1/2"]
[WhiteElo "2502"]
[BlackElo "2469"]

1.e4 e6 2.d4 d5 3.Nd2 Nc6 4.Ngf3 Nf6 5.e5 Nd7 6.Nb3 a5 7.a4 b6 8.Bb5 Na7
9.Be2 c5 10.O-O Be7 11.c4 Bb7 12.Be3 O-O 13.Rc1 Rc8  1/2-1/2

[Event "TCh-BEL 2012-13"]
[Site "Belgium BEL"]
[Date "2012.10.21"]
[Round "3.5"]
[White "Veltkamp,G"]
[Black "Braun,Christi2"]
[Result "1/2-1/2"]
[WhiteElo "2195"]
[BlackElo "2405"]

1.e4 e6 2.d4 d5 3.Nd2 Be7 4.Ngf3 Nf6 5.Bd3 c5 6.dxc5 dxe4 7.Nxe4 Nxe4 8.Bxe4 Qxd1+
9.Kxd1 Bxc5 10.Ke2 Nd7 11.Bf4 Nf6 12.Bd3 Nd5 13.Bg3 f6 14.Be4 b5 15.Bxd5 exd5
16.Rhd1 b4 17.Rxd5 Ba6+ 18.Kd2 Rd8 19.Rxd8+ Kxd8 20.Rd1 Kc8 21.Ne1 h5 22.Nd3 Rd8
23.Kc1 Bf8 24.Nf4 Re8 25.Nxh5 Be2 26.Rd5 Bf1 27.Bd6 Re1+ 28.Kd2 Re2+ 29.Kd1 Bxd6
30.Rxd6 Rxf2 31.Ke1 Rxg2 32.Kxf1 Rxc2 33.Ra6 Kb7 34.Ra4 Rxb2 35.Kg1 Kb6 36.a3 Rb1+
37.Kg2 Rb2+ 38.Kg1 a5 39.axb4 Rxb4 40.Ra2 Kb5 41.Nxg7 Rg4+ 42.Rg2 Rxg2+ 43.Kxg2 a4
44.Nf5 a3 45.Ne3 Ka4 46.Nc2 a2 47.h4 Kb3 48.Na1+ Kb2 49.h5 Kxa1 50.h6 Kb1
51.h7 a1=Q 52.h8=Q Qc3 53.Qh7+ Kc1 54.Qe4 Kd2 55.Kf2 Qc5+ 56.Kf3 Qh5+ 57.Kf4 Qg5+
58.Kf3 Qh5+  1/2-1/2

[Event "Copenhagen Cup IMB 2012"]
[Site "Copenhagen DEN"]
[Date "2012.10.21"]
[Round "9.5"]
[White "Ninov,N"]
[Black "Nielsen,LA"]
[Result "1-0"]
[WhiteElo "2507"]
[BlackElo "2260"]

1.e4 e6 2.d4 d5 3.Nd2 Nc6 4.Ngf3 Nf6 5.e5 Nd7 6.Bb5 a6 7.Bxc6 bxc6 8.c4 dxc4
9.Nxc4 Nb6 10.Qc2 Nxc4 11.Qxc4 Qd5 12.Qxd5 cxd5 13.Be3 Rb8 14.O-O-O Bd7 15.Rd3 Bb4
16.a3 Ba5 17.Bd2 Bb5 18.Re3 Bb6 19.Bb4 a5 20.Bc5 Bxc5 21.dxc5 a4 22.Rd1 Kd7
23.Rd4 f5 24.Rb4 Bc4 25.Rxa4 Bb3 26.c6+ Ke7 27.Ra7 Rhc8 28.Nd4 Bc4 29.b3 Bf1
30.Re1 Bd3 31.Kd2  1-0

[Event "16th Unive Open"]
[Site "Hoogeveen NED"]
[Date "2012.10.21"]
[Round "3"]
[White "Kasparov,S"]
[Black "Heemskerk,W"]
[Result "1-0"]
[WhiteElo "2476"]
[BlackElo "2254"]

1.e4 e6 2.d4 d5 3.Nd2 Be7 4.e5 Nh6 5.Ndf3 Nf5 6.g4 Nh6 7.Bxh6 gxh6 8.Qd2 Bg5
9.Nxg5 Qxg5 10.Qxg5 hxg5 11.h4 gxh4 12.Rxh4 Kf8 13.Bd3 Nc6 14.c3 Kg7 15.Ne2 f6
16.exf6+ Kxf6 17.f4 Bd7 18.Kd2 Be8 19.Rah1 Bg6 20.Bxg6 Kxg6 21.Rh6+ Kg7 22.Rxe6 Raf8
23.Ng3 Nd8 24.Re5 c6 25.Nf5+  1-0

[Event "NIT Nagpur GM Open 2012"]
[Site "Nagpur IND"]
[Date "2012.10.22"]
[Round "10.1"]
[White "Himanshu,Sh"]
[Black "Rahman,Zia"]
[Result "0-1"]
[WhiteElo "2393"]
[BlackElo "2502"]

1.e4 e6 2.d4 d5 3.Nd2 Be7 4.Bd3 c5 5.dxc5 Nf6 6.Qe2 a5 7.c4 O-O 8.Ngf3 Na6
9.e5 Nd7 10.h4 f5 11.cxd5 exd5 12.Nb3 a4 13.Nbd4 Ndxc5 14.Bg5 Ne4 15.Rd1 Nac5
16.Bf4 a3 17.Ng5 axb2 18.Bb1 h6 19.Nxe4 fxe4 20.g3 Qa5+ 21.Kf1 Qa6 22.Rd2 Nd3
23.Bxd3 exd3 24.Qd1 Qb6 25.Nb3 Rxa2 26.Kg2 Bf5 27.Be3 Be4+ 28.Kh2 Qb4 29.Rf1 Bf3  0-1

[Event "US Chess League 2012"]
[Site "ICC INT"]
[Date "2012.10.24"]
[Round "8"]
[White "Chiang,J"]
[Black "Wheeler,Cameron"]
[Result "0-1"]
[WhiteElo "2038"]
[BlackElo "2108"]

1.e4 e6 2.d4 d5 3.Nd2 Be7 4.Ngf3 Nf6 5.e5 Nfd7 6.Bd3 c5 7.c3 Nc6 8.O-O h5
9.Qe2 g5 10.dxc5 g4 11.Nd4 Ndxe5 12.Nxc6 Nxc6 13.Nb3 Qc7 14.Bc2 e5 15.c4 dxc4
16.Qxc4 Be6 17.Qc3 O-O-O 18.Be4 Nd4 19.Nxd4 Rxd4 20.Re1 Rhd8 21.f4 Bxc5 22.Be3 exf4
23.Rac1 Rc4 24.Bxc5 Qxc5+ 25.Kh1 Rxc3 26.Rxc3 Bc4 27.b3 Kb8 28.Rxc4 Qf2 29.Rec1 f3
30.gxf3 gxf3 31.R4c2 Qe3 32.Rc4 b5  0-1

[Event "39th ch-IND Premier w 2012"]
[Site "Jalgaon IND"]
[Date "2012.10.24"]
[Round "1.1"]
[White "Ramaswamy,A"]
[Black "Karavade,E"]
[Result "1-0"]
[WhiteElo "2148"]
[BlackElo "2393"]

1.e4 e6 2.d4 d5 3.Nd2 Be7 4.Ngf3 Nf6 5.e5 Nfd7 6.Bd3 c5 7.c3 Nc6 8.O-O g5
9.dxc5 g4 10.Nd4 Ndxe5 11.Bb5 Bd7 12.b4 a5 13.Bxc6 bxc6 14.f4 Nd3 15.N2b3 Nxc1
16.Rxc1 axb4 17.cxb4 Qb8 18.b5 cxb5 19.Qxg4 Bf6 20.f5 Ra4 21.fxe6 Bxe6 22.Rce1 Be5
23.Qh5 Rxd4 24.Rxe5  1-0

[Event "38th Guernsey Open"]
[Site "Guernsey GCI"]
[Date "2012.10.25"]
[Round "5"]
[White "Haverkamp,K"]
[Black "Morin,Y"]
[Result "0-1"]
[WhiteElo "2023"]
[BlackElo "2183"]

1.e4 e6 2.d4 d5 3.Nd2 Be7 4.Bd3 dxe4 5.Nxe4 Nf6 6.Nf3 Nbd7 7.O-O O-O 8.c3 b6
9.Nfg5 Bb7 10.Qe2 Nxe4 11.Nxe4 Re8 12.Bf4 Nf6 13.Rfe1 Rc8 14.Rad1 Nxe4 15.Bxe4 Bxe4
16.Qxe4 Qd5 17.b3 Qxe4 18.Rxe4 Bd6 19.Kf1 f5 20.Bxd6 fxe4 21.Be5 c5 22.dxc5 Rxc5
23.Bd4 Rd5 24.Rd2 e5 25.Be3 Rxd2 26.Bxd2 Kf7 27.a4 Ke6 28.Ke2 Kf5 29.Be3 Re7
30.c4 Rd7 31.b4 Ke6 32.c5 bxc5 33.Bxc5 a6 34.h4 h5 35.a5 Rd3 36.f3 Kd5 37.Bf8 g6
38.Bc5 Rb3 39.fxe4+ Kxe4 40.Kf2 Kf4 41.Bd6 Rb2+ 42.Kg1 Ke4 43.Kh2 Kd4 44.Kg3 Rb3+
45.Kf2 e4 46.Bc5+ Kc3 47.Kg3 e3 48.Kf4 e2 49.Bf2 Rxb4+ 50.Kg5 Rg4+ 51.Kh6 Kd2
52.Kg7 Rxg2 53.Kf6 Rxf2+ 54.Kxg6 e1=Q 55.Kg5 Qe5+  0-1

[Event "16th Unive Open"]
[Site "Hoogeveen NED"]
[Date "2012.10.25"]
[Round "7"]
[White "Kasparov,S"]
[Black "Johansson,Linus"]
[Result "1-0"]
[WhiteElo "2476"]
[BlackElo "2287"]

1.e4 e6 2.d4 d5 3.Nd2 Be7 4.e5 c5 5.c3 Nc6 6.Bd3 Qb6 7.Ndf3 f6 8.Ne2 Nh6
9.exf6 Bxf6 10.O-O Bd7 11.a3 Nf7 12.b4 cxd4 13.cxd4 O-O 14.Be3 g6 15.Qd2 Bg7
16.Rab1 Rae8 17.a4 Qd8 18.b5 Na5 19.Bf4 b6 20.Rfc1 Bc8 21.Ne5 Nxe5 22.Bxe5 Bb7
23.Qe3 Nc4 24.Bxc4 dxc4 25.Bxg7 Qd5 26.f3 Kxg7 27.Rb4 e5 28.Rbxc4 e4 29.Rc7+ Kh8
30.f4 Ba8 31.h3 Qa2 32.d5 Qb2 33.Rxa7 Rc8 34.Rxc8 Rxc8 35.d6 Rd8 36.Qxb6 Rc8
37.Qd4+  1-0

[Event "Chigorin Mem Rapid"]
[Site "St Petersburg RUS"]
[Date "2012.10.25"]
[Round "2.10"]
[White "Demchenko,A"]
[Black "Socko,M"]
[Result "1-0"]
[WhiteElo "2610"]
[BlackElo "2445"]

1.e4 e6 2.d4 d5 3.Nd2 Be7 4.Ngf3 Nf6 5.e5 Nfd7 6.c3 c5 7.Bd3 b6 8.a4 Ba6
9.Bb5 O-O 10.O-O Qc8 11.Re1 Bxb5 12.axb5 a6 13.Nf1 Qb7 14.Qa4 Rc8 15.Ne3 Ra7
16.Bd2 Rc7 17.h4 h6 18.g3 axb5 19.Qxb5 Nc6 20.Kg2 Rc8 21.Ng4 c4 22.Ra4 Rca8
23.Rea1 Ndb8 24.Rxa7 Rxa7 25.Rxa7 Qxa7 26.b3 cxb3 27.Qxb3 Na5 28.Qb5 Nbc6
29.Bf4 Qb7 30.Ne3 Kf8 31.g4 Na7 32.Qd3 Kg8 33.g5 hxg5 34.Bxg5 N7c6 35.Ng4 Nc4
36.h5 Qc8 37.h6 Qd8 38.Bf4 g6 39.Qb1 Kh7 40.Qb5 Na7 41.Qa4 Na5 42.Nf6+ Bxf6
43.exf6 b5 44.Ng5+ Kg8 45.h7+ Kh8 46.Nxf7+ Kxh7 47.Ng5+ Kh8 48.Qa1 Qxf6 49.Be5  1-0

[Event "16th Corsica Masters"]
[Site "Bastia FRA"]
[Date "2012.10.27"]
[Round "4"]
[White "Mishev,L"]
[Black "Battaglini,G"]
[Result "0-1"]
[WhiteElo "2234"]
[BlackElo "2434"]

1.e4 e6 2.d4 d5 3.Nd2 Be7 4.Ngf3 Nf6 5.Bd3 c5 6.exd5 exd5 7.dxc5 Bxc5 8.O-O O-O
9.Nb3 Bb6 10.Bg5 Bg4 11.h3 Bh5 12.g4 Bg6 13.Ne5 Nc6 14.Nxg6 hxg6 15.Qf3 Ne5
16.Qg3 Re8 17.Rad1 Nxd3 18.Rxd3 Re2 19.Rd2 Ne4 20.Bxd8 Nxg3 21.Bxb6 Rxd2
22.fxg3 Rxc2 23.Bd4 a5 24.Bc3 Re2 25.Nd4 Re4 26.a4 Rc8 27.Rd1 Rc4 28.Nb3 d4
29.Bxd4 Rb4 30.Rd3 Rxb3 31.Rxb3 Rxd4 32.Rxb7 Rxa4 33.Kf2 g5 34.Rb5 f6 35.Kf3 Kh7
36.h4 gxh4 37.gxh4 Ra1 38.Kf2 Kg6 39.Kg3 Ra4 40.Kf3 Kf7 41.h5 Kg8 42.b3 Ra1
43.g5 fxg5 44.Rxg5 Kh7 45.Kf4 Rf1+ 46.Ke4 Ra1 47.Kd4 Kh6 48.Rg6+ Kh7 49.Kc4 a4
50.b4 Rc1+ 51.Kb5 a3 52.Ra6 Rc3 53.Rg6 a2 54.Ra6 Rc2 55.Ra3 Kh6 56.Ka6 Kxh5
57.b5 Rb2 58.b6  0-1

[Event "TCh-DEN XtraCon 2012-13"]
[Site "Denmark DEN"]
[Date "2012.10.27"]
[Round "1.1"]
[White "Aagaard,J"]
[Black "Sorensen,Jan1"]
[Result "1/2-1/2"]
[WhiteElo "2517"]
[BlackElo "2429"]

1.e4 e6 2.d4 d5 3.Nd2 Nc6 4.Ngf3 Nf6 5.e5 Nd7 6.Bb5 Be7 7.O-O a6 8.Ba4 b5
9.Bb3 Na5 10.c3 Nxb3 11.axb3 b4 12.Re1 c5 13.Nf1 a5 14.cxb4 cxb4 15.h4 h6
16.Ng3 Ba6 17.Be3 Qb6 18.Qd2 O-O-O 19.Ra2 Nb8 20.Rea1 Nc6 21.Qc2 Kb7 22.Ne4 Qb5
23.Nc5+ Ka7 24.Nxa6 Kxa6 25.g3 Rc8 26.Qd1 Bd8 27.Ne1 Bb6 28.Nd3 Kb7 29.Nf4 Ne7
30.g4  1/2-1/2